01062nam a2200229 a 450000100100000000500170001000800410002704000250006808200180009310000370011124500410014826000410018930000360023059000260026665000450029271000730033791000380041095201300044895201160057895201210069499900170081500003593220200930074730.0111117s19uu dr ac r 000 0 spa d aDO-SdBNPbspacBNPHU a362.29bP438d1 aPérez, Casimiro,d1935-96195610aDrogas! :bconocerlas y prevenirlas. aSanto Domingo :bFEDELUCD,c[19--?]. a196 p. :bil., retrs. ;c21 cm. aInventariado, 2018/BT 4aAbuso de sustanciasxPrevención9139082 aFederación Dominicana de Lucha contra las Drogas (FEDELUCD)961957 aValidado. Control de calidad EMS. 001054708DSaGRbGRcHDd2011-11-17iLF1l0o362.29 P438dp35932-30r2020-06-25te.3w2020-06-25yLFDSZPréstamo en sala 0010718PDaPDbPDcHDd2011-11-17iLF1l0o362.29 P438dp35932-10r2020-06-25w2020-06-25yLFPDZNo se presta 0010718PDaPDbPDcHDd2011-11-17iLF1l0o362.29 P438dp35932-20r2020-06-25te.2w2020-06-25yLFPDZNo se presta c35423d35423